000 01178nam a2200313 a 4500
001 ebr10646001
003 CaPaEBR
006 m u
007 cr cn|||||||||
008 130124s2013 njua s 001 0 eng d
010 _z 2012955841
020 _z9781118496343 (pbk.)
020 _z9781118496572 (e-book)
040 _aCaPaEBR
_cCaPaEBR
035 _a(OCoLC)826027398
050 1 4 _aQA76.893
_b.R38 2013eb
100 1 _aRathbone, Andy.
245 1 0 _aSurface for dummies
_h[electronic resource] /
_cby Andy Rathbone.
246 1 4 _aMicrosoft Surface for dummies
260 _aHoboken, N.J. :
_bJohn Wiley & Sons, Inc.,
_c2013.
300 _axiv, 240 p. :
_bill. (some col.)
500 _aIncludes index.
533 _aElectronic reproduction.
_bPalo Alto, Calif. :
_cebrary,
_d2013.
_nAvailable via World Wide Web.
_nAccess may be limited to ebrary affiliated libraries.
630 0 0 _aMicrosoft Windows (Computer file)
650 0 _aTablet computers.
655 7 _aElectronic books.
_2local
710 2 _aebrary, Inc.
856 4 0 _uhttp://site.ebrary.com/lib/rucke/Doc?id=10646001
_zAn electronic book accessible through the World Wide Web; click to view
999 _c45254
_d45254